000 00857nam a2200217Ii 4500
003 JO-AjNU
008 230605s9999||||xx |||||||||||||| ||und||
020 _a1-65654-471-7
040 _aJO-AjNU
_bara
_erda
_cJO-AjNU
041 _aara
050 1 4 _aDS38 2012
100 3 _aأبو سليمان، عبد المجيد أحمد,
_eauthor
_952339
245 0 0 _aإشكالية الاستبداد والفساد في التاريح الإسلامي
250 _aط2 منقحة
264 3 1 _aالولايات المتحدة الامريكية: المعهد العالمي للفكر الاسلامي، 2012
300 _a60ص
336 _atext
_btxt
_2rdacontent
337 _aunmediated
_bn
_2rdamedia
338 _avolume
_bnc
_2rdacarrier
650 4 _aالفكر الاسلامي - الاحياء والتجديد - الاصلاح السياسي
_952340
999 _aA23179
_c26747
_d26747